LIBRARY & INFORMATION CENTRE, KCAET, TAVANUR

ONLINE PUBLIC ACCESS CATALOGUE (OPAC)

Code of practice for preparation and use of masonary mortars,IS:2250-1981 (Record no. 4573)

MARC details
000 -LEADER
fixed length control field 00402cam a2200145ua 4500
041 ## - LANGUAGE CODE
Language code of text/sound track or separate title eng
082 ## - DEWEY DECIMAL CLASSIFICATION NUMBER
Classification number 691.53
Item number IND/CO
100 ## - MAIN ENTRY--AUTHOR NAME
Personal name Indian Standard Institution, .
245 00 - TITLE STATEMENT
Title Code of practice for preparation and use of masonary mortars,IS:2250-1981
260 ## - PUBLICATION, DISTRIBUTION, ETC. (IMPRINT)
Place of publication New Delhi :
Name of publisher Indian Standards Institution ,
Year of publication 1988.
300 ## - PHYSICAL DESCRIPTION
Number of Pages 31 ; .
942 ## - ADDED ENTRY ELEMENTS (KOHA)
Koha item type Books
Holdings
Withdrawn status Lost status Damaged status Home library Current library Date acquired Full call number Accession Number Koha item type
      KAUAET   07/04/2012 691.53 17067 Books
free website counter